| 000 | 00654nam a22002177a 4500 | ||
|---|---|---|---|
| 003 | OSt | ||
| 005 | 20260511103059.0 | ||
| 008 | 260511b |||||||| |||| 00| 0 eng d | ||
| 020 | _a9781529423099 | ||
| 040 | _aKenya National Library Service | ||
| 082 | _a813.6 HAD | ||
| 100 | _aHadfield, Chris | ||
| 245 |
_aThe defector / _cChris Hadfield. |
||
| 300 |
_a354 pages : _c24 cm |
||
| 520 | _aThe novel is a techno-thriller involving espionage, geopolitics, and space-related intrigue. | ||
| 650 | _aCold War -- Fiction | ||
| 650 | _aEspionage -- Fiction | ||
| 942 |
_2ddc _cBK _n0 |
||
| 999 |
_c492650 _d492650 |
||